Представление документа в формате RUSMARC

Поле Инд. ПП Название Значение
Тип записи a
Библиографический уровень a
001 Контрольный номер 3d6a6ed6c18543a8a369b2f0583e52da
005 Дата корректировки 20181124200617.2
100 a Данные общей обработки 20181112 ||| 0rusy0189 ca
101 0_ a Язык текста rus
102 a Страна публикации RU
200 1_ f Первые сведения об ответственности А.В. Цыкора, Е.А. Суколенко
a Заглавие Организационно-технические основы проведения органами предварительного следствия действий, предусмотренных статьями 186 и 186.1 УПК РФ
b Общее обозначение материала Текст
210 d Дата издания 2017
461 _0 1 2000
a Закон и право
463 _0 1 2000
a №6
v С. 80-86
1 2101
d 2017
1 0015a1e784a2ce44b4f96ce5db9a6e6b56f
606 a Основная рубрика Криминалистика
610 0_ a Ключевые слова СЛЕДСТВЕННЫЕ ДЕЙСТВИЯ
a Ключевые слова ИНФОРМАЦИОННО-КОММУНИКАЦИОННЫЕ ТЕХНОЛОГИИ
700 _1 a Фамилия Цыкора
b Имя А.В.
701 _1 a Фамилия Суколенко
b Имя Е.А.
801 _0 a Страна RU
b Организация РГУП
c Дата составления 20181112
g Правила каталогизации PSBO
801 _1 a Страна RU
b Организация РГУП
c Дата составления 20181112
g Правила каталогизации PSBO
901 t Тип документа b
w Контрольный № источника 5a1e784a2ce44b4f96ce5db9a6e6b56f
905 a Дата ввода 20181112